00874nam a22002177a 4500003000900000005001700009008004100026040002500067082001400092110006100106245012200167260003700289300002000326590002700346700005500373710006100428910001400489942001300503952012300516999001700639DO-SdBNP20251120073733.0110301s2010 dr 000 0 spa d aDO-SdBNPbspacBNPHU axxxxbxxx2 aPontificia Universidad Católica Madre y Maestra 984300aProgramas de postgrado 2010 :bdoctorados, maestrías, especialidades /ccarta del rector Agripino Núñez Collado aSanto Domingo :bPUCMM,c[2010]. a93 p. :c29 cm. aInventariado, 2022/ YL12aNúñez Collado, Agripinod1933-2022erec.984572 aPontificia Universidad Católica Madre y Maestra 9843 aYLockward 2ddccLF2 00102ddc51708PDaBNPHUbBNPHUcHDd2017-01-03ePoder Judiciall0oxxxx xxxp2022-2778r2022-06-07w2022-06-07yLF2 c51949d51949